000 00304nam a22001337a 4500
008 170612b xxu||||| |||| 00| 0 eng d
020 _a9780669218756
041 _aeng
080 _a328
100 _a19
101 _aSHP
245 _aPERSPECTIVES IN AMERICAN GOVERNMENT
_cLASSER, W
942 _2udc
_cBK
999 _c16863
_d16863